000 00582nam a2200205Ia 4500
003 GCL
008 140319s9999 xx 000 0 ara d
040 _aGCL /
_cGCL
082 0 4 _a811.9
_bس ع
100 1 _aسهيل ايوب
245 1 0 _aعلى محمود طه: شعر ودراسة /
_cسهيل ايوب
300 _a786
490 _a100 قصة
_v0
650 0 4 _aالشعر العربى
650 0 4 _aالعصر الحديث
650 0 4 _aالشعراء العرب
650 0 4 _aالشعراء العباسيين
650 0 4 _aعلى محمود طه
942 _2ddc
_cBK
999 _c43647
_d43647